[Event "TCh-CHN 2016"]
[Site "China CHN"]
[Date "2016.12.02"]
[Round "19.3"]
[Board "2"]
[White "Xu, Xiangyu"]
[Black "Malakhov, Vladimir"]
[Result "1/2-1/2"]
[BlackTitle "GM"]
[WhiteElo "2447"]
[BlackElo "2695"]
[WhiteTeam "Chengdu"]
[BlackTeam "Tianjing"]
[WhiteFideId "8608288"]
[BlackFideId "4120787"]
[EventDate "2016.04.12"]

1. e4 e5 2. Nf3 Nc6 3. Bb5 Nf6 4. d3 Bc5 5. c3 O-O 6. Bxc6 bxc6 7. Nxe5 d5 8. d4
Bb6 9. O-O Nxe4 10. Nd2 Nxd2 11. Bxd2 c5 12. dxc5 Bxc5 13. Qf3 Be6 14. Rfe1 Re8
15. Nd3 Bf8 16. Be3 Qb8 17. Bd4 c5 18. Nxc5 Qxb2 19. Nd3 Qb5 20. Nf4 Qc6 21. Re3
f6 22. Nxe6 Rxe6 23. Rxe6 Qxe6 24. h3 a6 25. Rb1 Bd6 26. Qg4 Qxg4 27. hxg4 Rb8
28. Rb3 Rb5 29. f3 Ra5 30. Rb2 Be5 31. Kf2 Bxd4+ 32. cxd4 Ra3 33. Kg3 Ra4 34.
Kf4 Kf7 35. Ke3 Ra3+ 36. Kd2 Kg6 37. g3 f5 38. Rb6+ Kg5 39. gxf5 Rxa2+ 40. Ke3
Ra3+ 41. Kf2 Kxf5 42. Rd6 Ra5 43. Rd7 Kf6 44. Ke3 h5 45. Rd6+ Kf5 46. Ke2 g5 47.
Rb6 Ra2+ 48. Ke3 Rg2 49. Rd6 Rxg3 50. Rxd5+ Kf6 51. Kf2 h4 52. Ra5 Rh3 53. Kg2
Rg3+ 54. Kf2 Ke6 55. Rxa6+ Kd5 56. Ra4 g4 57. Ra5+ 1/2-1/2

[Event "TCh-CHN 2016"]
[Site "China CHN"]
[Date "2016.12.02"]
[Round "19.3"]
[Board "3"]
[White "Rapport, Richard"]
[Black "Chu, Wei Chao"]
[Result "1-0"]
[WhiteTitle "GM"]
[BlackTitle "IM"]
[WhiteElo "2717"]
[BlackElo "2331"]
[WhiteTeam "Chengdu"]
[BlackTeam "Tianjing"]
[WhiteFideId "738590"]
[BlackFideId "8605661"]
[EventDate "2016.04.12"]

1. e4 c5 2. g3 Nc6 3. Bg2 g6 4. d3 Bg7 5. f4 e6 6. Nf3 Nge7 7. O-O d6 8. c3 O-O
9. Be3 b6 10. Bf2 Qd7 11. Na3 Ba6 12. Rb1 Rae8 13. b4 Bb7 14. Qb3 Rb8 15. d4
cxb4 16. cxb4 a5 17. b5 Nb4 18. Rfe1 d5 19. e5 Rfc8 20. g4 Rc7 21. Rbc1 Rbc8 22.
Be3 Bf8 23. Rxc7 Rxc7 24. Rc1 Nc8 25. Bf1 Na7 26. Ne1 Rxc1 27. Bxc1 Qd8 28. Bd2
f6 29. Nb1 fxe5 30. fxe5 Qh4 31. h3 a4 32. Qxa4 Qg3+ 33. Ng2 Nd3 34. Bxd3 Qxd3
35. Qxa7 Qxb1+ 36. Kh2 Qc2 37. Qxb7 Qxd2 38. Qxb6 Kf7 39. Qc7+ 1-0

[Event "TCh-CHN 2016"]
[Site "China CHN"]
[Date "2016.12.02"]
[Round "19.3"]
[Board "4"]
[White "Ni, Shiqun"]
[Black "Ren, Xiaoyi"]
[Result "1-0"]
[WhiteTitle "WGM"]
[WhiteElo "2363"]
[BlackElo "2157"]
[WhiteTeam "Tianjing"]
[BlackTeam "Chengdu"]
[WhiteFideId "8608466"]
[BlackFideId "8608709"]
[EventDate "2016.04.12"]

1. e4 e5 2. Nf3 Nf6 3. d4 Nxe4 4. Bd3 d5 5. Nxe5 Be6 6. O-O Nd7 7. Nxd7 Qxd7 8.
Re1 Nf6 9. Bg5 Be7 10. Nd2 h6 11. Bxf6 Bxf6 12. Bf5 O-O-O 13. Bxe6 fxe6 14. Nf3
g5 15. Ne5 Bxe5 16. Rxe5 Rdf8 17. Qe2 Rf6 18. Re1 Re8 19. b3 c6 20. Qe3 Qf7 21.
f3 Qd7 22. a4 Kb8 23. Rxg5 Ka8 24. Re5 a6 25. c3 Qf7 26. Kf2 Qg6 27. Re2 Qb1 28.
b4 Qh1 29. Rh5 Rg8 30. g3 Qd1 31. Rxh6 Rxh6 32. Qxh6 Qa1 33. Qxe6 Rh8 34. Kg2
Qxc3 35. Qf6 Rb8 36. b5 Qc4 37. Qe5 cxb5 38. axb5 Qxb5 39. h4 Rc8 40. h5 Ka7 41.
g4 Rc1 42. h6 Qb1 43. Qh2 Qd3 44. Kg3 Rc3 45. Rf2 Qxd4 46. h7 Rc8 47. Qh5 Rf8
48. Kg2 Qg7 49. g5 d4 50. g6 d3 51. Rd2 Qd4 52. Rxd3 Qb2+ 53. Kg3 Qc1 54. Rd1
Qc7+ 55. Kg2 Qc2+ 56. Kg3 Qc7+ 57. Kh3 Qc3 58. Rf1 Qc4 59. Kg2 Qd4 60. Rf2 Rc8
61. Qg4 Qd8 62. Qxc8 1-0

[Event "TCh-CHN 2016"]
[Site "China CHN"]
[Date "2016.12.02"]
[Round "19.4"]
[Board "2"]
[White "Xu, Minghui"]
[Black "Ma, Qun"]
[Result "0-1"]
[BlackTitle "GM"]
[WhiteElo "2305"]
[BlackElo "2613"]
[WhiteTeam "Zhejiang"]
[BlackTeam "Hangzhou"]
[WhiteFideId "8606790"]
[BlackFideId "8603154"]
[EventDate "2016.04.12"]

1. d4 Nf6 2. Nf3 d5 3. c4 c6 4. Nc3 dxc4 5. a4 e6 6. e3 c5 7. Bxc4 Nc6 8. O-O
cxd4 9. exd4 Be7 10. Bg5 O-O 11. Re1 Nb4 12. a5 Bd7 13. Ne5 Be8 14. Qb3 Qxd4 15.
Bxf6 gxf6 16. Rad1 Qc5 17. Nd7 Bxd7 18. Rxd7 Nc6 19. Ne4 Qxa5 20. Re3 Rab8 21.
Bf1 Rfd8 22. Rg3+ Kh8 23. Qe3 Rg8 24. Rxg8+ Rxg8 25. Rxb7 Rb8 26. b4 Qd8 27.
Rxb8 Qxb8 28. Nxf6 Qxb4 29. Qh6 Qb1 30. Qf4 Qf5 31. Qa4 Bxf6 32. Qxc6 a5 33. Qb5
Qd5 34. g3 Kg7 35. Bc4 Qd2 36. Be2 a4 37. Qd3 Qc1+ 38. Qd1 Qb2 39. Bc4 a3 40.
Qg4+ Kf8 41. Qf3 Qc1+ 42. Kg2 Qxc4 43. Qxf6 Qe4+ 44. f3 Qc2+ 0-1

[Event "TCh-CHN 2016"]
[Site "China CHN"]
[Date "2016.12.02"]
[Round "19.4"]
[Board "3"]
[White "Lu, Shanglei"]
[Black "Gao, Rui"]
[Result "1/2-1/2"]
[WhiteTitle "GM"]
[BlackTitle "GM"]
[WhiteElo "2619"]
[BlackElo "2552"]
[WhiteTeam "Zhejiang"]
[BlackTeam "Hangzhou"]
[WhiteFideId "8603332"]
[BlackFideId "8602387"]
[EventDate "2016.04.12"]

1. e4 e5 2. Bc4 Nf6 3. d3 Nc6 4. Nf3 Bc5 5. O-O d6 6. c3 a6 7. Re1 O-O 8. Bb3 h6
9. Nbd2 Ba7 10. Nf1 Re8 11. Ng3 Be6 12. Bxe6 Rxe6 13. Nh4 d5 14. Qe2 Qd7 15.
Nhf5 Rd8 16. h3 dxe4 17. dxe4 Qd3 18. Qxd3 Rxd3 19. Kf1 Ne7 20. Be3 Bxe3 21.
Rxe3 Rd2 22. Re2 Rd8 23. Ree1 h5 24. Rad1 Rxd1 25. Nxe7+ Rxe7 26. Rxd1 g6 27. f3
Rd7 28. Ke2 Rxd1 29. Kxd1 Kf8 30. h4 Ke7 1/2-1/2

[Event "TCh-CHN 2016"]
[Site "China CHN"]
[Date "2016.12.02"]
[Round "19.4"]
[Board "4"]
[White "Gu, Tianlu"]
[Black "Ding, Yixin"]
[Result "0-1"]
[WhiteTitle "WIM"]
[BlackTitle "WGM"]
[WhiteElo "2255"]
[BlackElo "2426"]
[WhiteTeam "Hangzhou"]
[BlackTeam "Zhejiang"]
[WhiteFideId "8603995"]
[BlackFideId "8602972"]
[EventDate "2016.04.12"]

1. e4 c5 2. Nf3 d6 3. d4 cxd4 4. Nxd4 Nf6 5. Nc3 a6 6. h3 e5 7. Nde2 h5 8. Bg5
Be7 9. Ng3 h4 10. Nf5 Bxf5 11. Bxf6 Bxf6 12. exf5 Nc6 13. Bc4 Nd4 14. Bd5 Qd7
15. Ne4 Be7 16. c3 Nxf5 17. Qb3 O-O 18. O-O-O Rab8 19. Rd3 b5 20. g4 hxg3 21.
fxg3 b4 22. c4 Nd4 23. Rxd4 exd4 24. Qf3 g6 25. Nf6+ Bxf6 26. Qxf6 Qf5 27. Rf1
Qxf6 28. Rxf6 Kg7 29. Rxd6 Rbe8 30. Kd2 Re3 31. c5 Rxg3 32. c6 Re3 33. Bc4 Rxh3
34. c7 Rhh8 35. Bxa6 Rc8 36. Rd7 Kf6 37. Bc4 Ke5 38. Bxf7 Rh7 39. Kd3 Kf6 40.
Rd6+ Ke7 41. Be6 Kxd6 42. Bxc8 Rxc7 43. Bg4 Ke5 44. Bf3 g5 45. Be2 Ra7 46. Kc2
Rxa2 47. Kb3 Ra8 48. Kxb4 Rb8+ 0-1

[Event "TCh-CHN 2016"]
[Site "China CHN"]
[Date "2016.12.02"]
[Round "19.4"]
[Board "5"]
[White "Dzagnidze, Nana"]
[Black "Zhu, Jiner"]
[Result "1-0"]
[WhiteTitle "GM"]
[WhiteElo "2535"]
[BlackElo "2095"]
[WhiteTeam "Hangzhou"]
[BlackTeam "Zhejiang"]
[WhiteFideId "13601903"]
[BlackFideId "8608059"]
[EventDate "2016.04.12"]

1. Nf3 Nf6 2. c4 e6 3. b3 d5 4. Bb2 c5 5. cxd5 exd5 6. g3 Be7 7. Bg2 O-O 8. d4
Nc6 9. O-O Ne4 10. dxc5 Bxc5 11. Nc3 Nxc3 12. Bxc3 Be6 13. e3 Qb6 14. Qc2 f6 15.
Rfd1 a5 16. Nd4 Nxd4 17. Bxd4 Rfc8 18. Qb2 Rc7 19. Rac1 Rac8 20. Rxc5 Rxc5 21.
h4 Qb4 22. a3 Qb5 23. Bxc5 Rxc5 24. Bf3 Qc6 25. Qd4 Rc1 26. Kg2 Rxd1 27. Bxd1
Qb5 28. b4 axb4 29. axb4 Qc4 30. Qf4 Qxf4 31. gxf4 Kf7 32. Bc2 h6 33. f5 Bd7 34.
Bb3 Bc6 35. b5 Bxb5 36. Bxd5+ Kf8 37. Bxb7 Bd3 38. Bc8 g6 39. fxg6 Bxg6 40. Kg3
Kg7 41. Kf4 Bd3 42. Be6 Kg6 43. Bf5+ Bxf5 44. h5+ Kxh5 45. Kxf5 Kh4 46. e4 h5
47. Kxf6 Kg4 48. e5 h4 49. e6 h3 50. e7 h2 51. e8=Q h1=Q 52. Qc8+ Kf4 53. Qf5# 1-0

[Event "TCh-CHN 2016"]
[Site "China CHN"]
[Date "2016.12.02"]
[Round "19.5"]
[Board "1"]
[White "Wang, Yiye"]
[Black "Lin, Yi"]
[Result "1-0"]
[WhiteTitle "IM"]
[WhiteElo "2442"]
[BlackElo "2276"]
[WhiteTeam "Beijing"]
[BlackTeam "Shenzhen"]
[WhiteFideId "8606021"]
[BlackFideId "8602735"]
[EventDate "2016.04.12"]

1. d4 Nf6 2. Bf4 d5 3. e3 Bf5 4. Nd2 e6 5. Be2 Bd6 6. Bxd6 Qxd6 7. Ngf3 c5 8. c4
Nc6 9. Rc1 cxd4 10. c5 Qd7 11. Nxd4 e5 12. Nxf5 Qxf5 13. b4 a6 14. O-O O-O 15.
Qb3 Rfd8 16. Rfd1 e4 17. Qb2 d4 18. exd4 Nxd4 19. Nc4 Qg5 20. Nd6 Nf3+ 21. Bxf3
exf3 22. g3 Ng4 23. Qc3 Qh5 24. h4 Ne5 25. Rd5 f6 26. Rxe5 fxe5 27. Qc4+ Kf8 28.
Rc3 Ke7 29. Qd5 Rd7 30. Re3 Kd8 31. Qg8+ 1-0

[Event "TCh-CHN 2016"]
[Site "China CHN"]
[Date "2016.12.02"]
[Round "19.5"]
[Board "2"]
[White "Yu, Yangyi"]
[Black "Yu, Kaifeng"]
[Result "1-0"]
[WhiteTitle "GM"]
[BlackTitle "FM"]
[WhiteElo "2738"]
[BlackElo "2220"]
[WhiteTeam "Beijing"]
[BlackTeam "Shenzhen"]
[WhiteFideId "8603820"]
[BlackFideId "8609667"]
[EventDate "2016.04.12"]

1. e4 c5 2. Nc3 d6 3. Nge2 Nf6 4. g3 g6 5. Bg2 Bg7 6. d3 Nc6 7. O-O O-O 8. h3
Nd7 9. Bg5 Rb8 10. a4 a6 11. Qd2 b5 12. Bh6 Bxh6 13. Qxh6 b4 14. Nb1 b3 15. c3
Nde5 16. Nc1 f5 17. Nd2 Be6 18. Qe3 Qb6 19. f4 Nf7 20. exf5 Bxf5 21. g4 Bd7 22.
Ncxb3 e6 23. Rf2 Qc7 24. a5 Rb5 25. c4 Rb4 26. d4 cxd4 27. Nxd4 Nxa5 28. Qc3
Rfb8 29. Ne4 Kf8 30. Nf6 Ke7 31. Re1 Qxc4 32. Nd5+ Kf8 33. Nxb4 Rxb4 34. Nxe6+
Bxe6 35. Rxe6 1-0

[Event "TCh-CHN 2016"]
[Site "China CHN"]
[Date "2016.12.02"]
[Round "19.5"]
[Board "3"]
[White "Fang, Yan"]
[Black "Zhao, Chenxi"]
[Result "1-0"]
[WhiteElo "2364"]
[BlackElo "2035"]
[WhiteTeam "Beijing"]
[BlackTeam "Shenzhen"]
[WhiteFideId "8604746"]
[BlackFideId "8611513"]
[EventDate "2016.04.12"]

1. e4 e5 2. Nf3 Nc6 3. Bc4 Be7 4. O-O Nf6 5. Nc3 O-O 6. d4 d6 7. h3 a6 8. a4 h6
9. Re1 Nd7 10. d5 Ncb8 11. Be3 Nf6 12. a5 Nh7 13. Bd3 Ng5 14. Nd2 Nh7 15. b4 Bg5
16. Na4 Bxe3 17. Rxe3 f5 18. c4 Ng5 19. exf5 Bxf5 20. Bxf5 Rxf5 21. Rc1 Rf4 22.
Qb3 Qf6 23. Nc3 Nd7 24. Nce4 Nxe4 25. Nxe4 Qf5 26. f3 Nf6 27. Rce1 Nxe4 28. Rxe4
Rf8 29. c5 Qg5 30. Kh2 h5 31. c6 bxc6 32. dxc6+ Kh8 33. b5 h4 34. R1e3 axb5 35.
a6 Ra8 36. Qxb5 Rff8 37. Qc4 Qg3+ 38. Kg1 Rf4 39. Qb5 Qg5 40. Rxf4 Qxf4 41. Re4
Qc1+ 42. Kh2 Qc5 43. Qb7 Ra7 44. Qc8+ Kh7 45. Rxh4+ 1-0

[Event "TCh-CHN 2016"]
[Site "China CHN"]
[Date "2016.12.02"]
[Round "19.5"]
[Board "4"]
[White "Du, Yuxin"]
[Black "Wang, Jue"]
[Result "0-1"]
[BlackTitle "WGM"]
[WhiteElo "2074"]
[BlackElo "2380"]
[WhiteTeam "Shenzhen"]
[BlackTeam "Beijing"]
[WhiteFideId "8610282"]
[BlackFideId "8604070"]
[EventDate "2016.04.12"]

1. e4 c5 2. Nf3 d6 3. d4 cxd4 4. Qxd4 Nf6 5. Bg5 Bd7 6. Nc3 Nc6 7. Qd2 e6 8.
O-O-O a6 9. Kb1 b5 10. Bxf6 gxf6 11. Nd4 b4 12. Nce2 Qb6 13. f4 Be7 14. f5 Nxd4
15. Nxd4 e5 16. Ne2 a5 17. c4 h5 18. h4 Rg8 19. Ng1 Bc6 20. Bd3 Rg4 21. Re1 Qb7
22. Qe2 O-O-O 23. Nf3 Kb8 24. Ka1 Rdg8 25. Rhg1 Qa7 26. Nh2 Rg3 27. Bc2 a4 28.
Nf1 Qxg1 29. Nxg3 Qc5 30. Nf1 a3 31. Rd1 Bd8 32. Ne3 Bb6 33. Nd5 Bxd5 34. cxd5
Qa5 35. Bb3 Bd4 36. Rxd4 exd4 37. Bc4 Qc5 38. Kb1 d3 0-1

[Event "TCh-CHN 2016"]
[Site "China CHN"]
[Date "2016.12.02"]
[Round "19.5"]
[Board "5"]
[White "Xu, Yuze"]
[Black "Zhao, Xue"]
[Result "0-1"]
[BlackTitle "GM"]
[WhiteElo "1812"]
[BlackElo "2504"]
[WhiteTeam "Shenzhen"]
[BlackTeam "Beijing"]
[WhiteFideId "8614466"]
[BlackFideId "8601283"]
[EventDate "2016.04.12"]

1. e4 e6 2. d4 d5 3. Nd2 Be7 4. Ngf3 Nf6 5. e5 Nfd7 6. Bd3 c5 7. c3 Nc6 8. Bb5
Qb6 9. Bxc6 bxc6 10. O-O cxd4 11. cxd4 a5 12. a4 c5 13. Nb3 Rb8 14. Nxc5 Nxc5
15. dxc5 Bxc5 16. Qd2 O-O 17. Rd1 Ba6 18. Qe1 Qa7 19. Ng5 Rb3 20. Nf3 Rfb8 21.
Nd2 R3b4 22. g3 Bd4 23. Nf3 Bxb2 24. Bxb2 Rxb2 25. Rab1 h6 26. Rxb2 Rxb2 27. Nd4
Qc5 28. Qe3 Rb4 29. Qa3 Qc7 30. Nf3 Qc2 31. Re1 Rb3 32. Nd4 Qd2 33. Qa1 Rb2 0-1

[Event "TCh-CHN 2016"]
[Site "China CHN"]
[Date "2016.12.02"]
[Round "19.6"]
[Board "1"]
[White "Andreikin, Dmitry"]
[Black "Zhou, Weiqi"]
[Result "1-0"]
[WhiteTitle "GM"]
[BlackTitle "GM"]
[WhiteElo "2736"]
[BlackElo "2635"]
[WhiteTeam "Shanghai"]
[BlackTeam "Chongqing"]
[WhiteFideId "4158814"]
[BlackFideId "8601674"]
[EventDate "2016.04.12"]

1. Nf3 d5 2. d4 Nf6 3. Bf4 e6 4. Nbd2 Bd6 5. Bg3 O-O 6. e3 c5 7. c3 b6 8. Ne5
Bb7 9. Bb5 Qc7 10. f4 Nc6 11. Bh4 Ne4 12. Nxe4 dxe4 13. O-O f6 14. Qg4 Rae8 15.
Nc4 a6 16. Nxd6 Qxd6 17. dxc5 Qxc5 18. Ba4 b5 19. Bb3 f5 20. Qe2 Na5 21. Rfd1
Nc4 22. Bxc4 Qxc4 23. Qxc4 bxc4 24. Rd6 Rf7 25. b4 cxb3 26. axb3 h6 27. Ra5 Rc7
28. c4 Rb8 29. Be1 Bc8 30. Ra3 Rd7 31. Rxd7 Bxd7 32. Bc3 Kf7 33. Kf2 g5 34. Be5
Rb6 35. Ke2 gxf4 36. Bxf4 Kf6 37. Bxh6 Rd6 38. h4 e5 39. Bf8 Rd3 40. Rxa6+ Kf7
41. Rd6 Kxf8 42. Rxd3 exd3+ 43. Kxd3 Ke7 44. b4 Bc6 45. g3 Be8 46. b5 Kd6 47. b6
Kc6 48. c5 Bg6 49. Kc3 Bh5 50. Kb4 Be2 51. Ka5 Kb7 52. Ka4 Bh5 53. Kb4 Bf3 54.
Kb5 Be2+ 55. Kb4 Bf3 56. Kc3 Kc6 57. Kd2 Bh5 58. e4 fxe4 59. Ke3 Bf3 60. g4 Bxg4
61. Kxe4 Bd1 62. Kxe5 Bf3 63. Kf4 Be2 64. Kg5 Bf3 65. h5 1-0

[Event "TCh-CHN 2016"]
[Site "China CHN"]
[Date "2016.12.02"]
[Round "19.6"]
[Board "2"]
[White "Ni, Hua"]
[Black "Wang, Chen"]
[Result "1-0"]
[WhiteTitle "GM"]
[BlackTitle "IM"]
[WhiteElo "2681"]
[BlackElo "2514"]
[WhiteTeam "Shanghai"]
[BlackTeam "Chongqing"]
[WhiteFideId "8601160"]
[BlackFideId "8601020"]
[EventDate "2016.04.12"]

1. d4 Nf6 2. c4 e6 3. g3 Bb4+ 4. Bd2 Qe7 5. Nf3 Nc6 6. Nc3 O-O 7. Bg2 Na5 8. c5
Nc6 9. a3 Bxc3 10. Bxc3 Ne4 11. Qd3 Nxc3 12. Qxc3 d5 13. b4 a6 14. O-O Bd7 15.
Rfe1 f5 16. e3 b5 17. Bf1 Rfb8 18. Reb1 Be8 19. Bd3 Bh5 20. Ne1 e5 21. a4 Qf6
22. dxe5 Nxe5 23. Qd4 c6 24. Ra2 Re8 25. axb5 axb5 26. Rxa8 Rxa8 27. Bxb5 Ra2
28. Bf1 Nd7 29. b5 Qxd4 30. exd4 cxb5 31. c6 Nf8 32. c7 1-0

[Event "TCh-CHN 2016"]
[Site "China CHN"]
[Date "2016.12.02"]
[Round "19.6"]
[Board "3"]
[White "Zhou, Jianchao"]
[Black "Liu, Yan"]
[Result "1-0"]
[WhiteTitle "GM"]
[BlackTitle "FM"]
[WhiteElo "2612"]
[BlackElo "2413"]
[WhiteTeam "Shanghai"]
[BlackTeam "Chongqing"]
[WhiteFideId "8603537"]
[BlackFideId "8608962"]
[EventDate "2016.04.12"]

1. Nf3 Nf6 2. c4 e6 3. d4 Bb4+ 4. Bd2 Qe7 5. g3 Nc6 6. Nc3 Bxc3 7. Bxc3 Ne4 8.
Rc1 Nxc3 9. Rxc3 d6 10. d5 Nb8 11. dxe6 fxe6 12. Bg2 Nc6 13. Nd4 Nxd4 14. Qxd4
Qf6 15. Qd2 O-O 16. O-O a6 17. c5 d5 18. c6 Rb8 19. b3 Qe7 20. Rfc1 b6 21. e4
dxe4 22. Bxe4 e5 23. Qe2 a5 24. Re1 Bf5 25. Bd5+ Kh8 26. Qxe5 Qxe5 27. Rxe5 g6
28. f4 Rbd8 29. Kf2 Kg7 30. Kf3 h5 31. Be6 Kf6 32. Bd7 Rf7 1-0

[Event "TCh-CHN 2016"]
[Site "China CHN"]
[Date "2016.12.02"]
[Round "19.6"]
[Board "4"]
[White "Tan, Zhongyi"]
[Black "Zhang, Xiaowen"]
[Result "1/2-1/2"]
[WhiteTitle "WGM"]
[BlackTitle "WGM"]
[WhiteElo "2518"]
[BlackElo "2374"]
[WhiteTeam "Chongqing"]
[BlackTeam "Shanghai"]
[WhiteFideId "8603642"]
[BlackFideId "8603219"]
[EventDate "2016.04.12"]

1. d4 d5 2. c4 e6 3. Nf3 Nf6 4. Nc3 c5 5. e3 a6 6. a3 dxc4 7. Bxc4 b5 8. Ba2 Bb7
9. O-O Nbd7 10. Qe2 Bd6 11. Rd1 Qb8 12. dxc5 Nxc5 13. e4 Ncxe4 14. Nxe4 Bxe4 15.
Bg5 O-O 16. Bxf6 Bxf3 17. Qxf3 gxf6 18. Qg4+ Kh8 19. Qh4 Be5 20. Rd7 Qb6 21. Re1
Qc6 22. Re7 Rae8 23. Bb1 f5 24. g3 Rxe7 25. Qxe7 Qd6 26. Qxd6 Bxd6 27. Kg2 Kg7
28. Re2 Rc8 29. Rc2 Rxc2 30. Bxc2 f4 31. a4 bxa4 32. Bxa4 Kf6 33. Kf3 fxg3 34.
hxg3 h6 1/2-1/2

[Event "TCh-CHN 2016"]
[Site "China CHN"]
[Date "2016.12.02"]
[Round "19.6"]
[Board "5"]
[White "Lei, Tingjie"]
[Black "Zatonskih, Anna"]
[Result "1-0"]
[WhiteTitle "WGM"]
[BlackTitle "WGM"]
[WhiteElo "2504"]
[BlackElo "2450"]
[WhiteTeam "Chongqing"]
[BlackTeam "Shanghai"]
[WhiteFideId "8605114"]
[BlackFideId "14101572"]
[EventDate "2016.04.12"]

1. d4 Nf6 2. c4 e6 3. g3 d5 4. Bg2 dxc4 5. Nf3 c5 6. O-O Nc6 7. Qa4 Bd7 8. Qxc4
b5 9. Qd3 c4 10. Qc2 Rc8 11. e4 Be7 12. Qe2 O-O 13. Rd1 Re8 14. Ne5 h6 15. Be3
Qc7 16. Nxd7 Qxd7 17. a3 Na5 18. Nc3 Nb3 19. Rab1 a5 20. e5 Nd5 21. Nxd5 exd5
22. Qh5 Rc6 23. f4 c3 24. bxc3 Rxc3 25. Bf2 a4 26. Re1 Rd8 27. f5 f6 28. Be3
fxe5 29. f6 Bxf6 30. dxe5 Rxe3 31. exf6 Rxe1+ 32. Rxe1 Qa7+ 33. Kh1 Qf7 34. Qe2
Qxf6 35. Qxb5 Qd4 36. Bf3 Nd2 37. Rd1 Qc4 38. Qa5 Qd3 1-0

[Event "TCh-CHN 2016"]
[Site "China CHN"]
[Date "2016.12.03"]
[Round "20.1"]
[Board "1"]
[White "Zeng, Chongsheng"]
[Black "Zhou, Jianchao"]
[Result "1-0"]
[WhiteTitle "GM"]
[BlackTitle "GM"]
[WhiteElo "2549"]
[BlackElo "2612"]
[WhiteTeam "Guangdong"]
[BlackTeam "Shanghai"]
[WhiteFideId "8603847"]
[BlackFideId "8603537"]
[EventDate "2016.04.12"]

1. e4 c6 2. d4 d5 3. e5 c5 4. dxc5 e6 5. Nf3 Bxc5 6. Bd3 Ne7 7. O-O Ng6 8. Re1
Nc6 9. c3 Qc7 10. Bxg6 fxg6 11. c4 d4 12. a3 a5 13. Bf4 O-O 14. Bg3 b6 15. Nbd2
Bb7 16. Ne4 Ne7 17. Nxd4 Bxe4 18. Rxe4 Rad8 19. Qg4 Bxd4 20. Rxd4 Nf5 21. Rd6
Nxd6 22. exd6 Qc8 23. Rd1 h6 24. b4 Rf5 25. Qe4 Kf7 26. h3 g5 27. Rd3 Qd7 28.
Be5 Rc8 29. Rc3 Qc6 30. Qe3 axb4 31. axb4 Ra8 32. Kh2 Ke8 33. c5 Qd5 34. Bg3 e5
35. Rd3 Qc4 36. Bxe5 bxc5 37. Bb2+ 1-0

[Event "TCh-CHN 2016"]
[Site "China CHN"]
[Date "2016.12.03"]
[Round "20.1"]
[Board "2"]
[White "Ganguly, Surya Shekhar"]
[Black "Ni, Hua"]
[Result "0-1"]
[WhiteTitle "GM"]
[BlackTitle "GM"]
[WhiteElo "2672"]
[BlackElo "2681"]
[WhiteTeam "Guangdong"]
[BlackTeam "Shanghai"]
[WhiteFideId "5002150"]
[BlackFideId "8601160"]
[EventDate "2016.04.12"]

1. d4 Nf6 2. c4 e6 3. Nc3 Bb4 4. f3 d5 5. a3 Bxc3+ 6. bxc3 c5 7. cxd5 Nxd5 8.
dxc5 f5 9. e4 fxe4 10. Qc2 Nd7 11. fxe4 N5f6 12. Nf3 Qc7 13. Be3 Ng4 14. Bd4 e5
15. Qb3 exd4 16. cxd4 Qf4 17. e5 Nf8 18. Be2 Qe3 19. Rb1 Ne6 20. Qxe3 Nxe3 21.
Kd2 Nxg2 22. Bb5+ Bd7 23. Bxd7+ Kxd7 24. d5 Nxc5 25. Rhg1 Raf8 26. Rbf1 Nf4 27.
Rxg7+ Kc8 28. Ng5 Nxd5 29. Rc1 b6 30. Ne4 Rfg8 31. Rxg8+ Rxg8 32. Nxc5 bxc5 33.
Rxc5+ Nc7 34. Ke3 Rg2 35. h4 Rg4 36. e6 Rg6 37. Kf4 Rxe6 38. Kf5 Rh6 39. Rc4 Kd7
40. Ra4 a6 41. Rd4+ Ke7 42. Re4+ Re6 43. Rg4 Ne8 44. Rb4 Nd6+ 45. Kg5 Rg6+ 46.
Kf4 Rf6+ 47. Kg5 Nf7+ 48. Kh5 Rf5+ 49. Kg4 Rb5 50. Re4+ Kf6 51. h5 Rg5+ 52. Kh4
Nd6 53. Ra4 Nf5+ 54. Kh3 Rxh5+ 55. Kg2 a5 0-1

[Event "TCh-CHN 2016"]
[Site "China CHN"]
[Date "2016.12.03"]
[Round "20.1"]
[Board "3"]
[White "Xu, Yinglun"]
[Black "Andreikin, Dmitry"]
[Result "1/2-1/2"]
[BlackTitle "GM"]
[WhiteElo "2523"]
[BlackElo "2736"]
[WhiteTeam "Guangdong"]
[BlackTeam "Shanghai"]
[WhiteFideId "8604940"]
[BlackFideId "4158814"]
[EventDate "2016.04.12"]

1. d4 d5 2. c4 e6 3. Nf3 Nf6 4. Nc3 Be7 5. Bg5 h6 6. Bxf6 Bxf6 7. e3 O-O 8. Qc2
c5 9. dxc5 Qa5 10. cxd5 exd5 11. Be2 Nc6 12. O-O Qxc5 13. Rac1 Qa5 14. Qb3 Ne7
15. Rfd1 Be6 16. Nd4 Bxd4 17. Rxd4 Nc6 18. Ra4 Qc5 19. Qb5 Qxb5 20. Bxb5 Rfc8
21. Bxc6 bxc6 22. Ra5 c5 23. Na4 c4 24. h3 Rcb8 25. Rc2 Rb7 26. Nc5 Rb6 27. b3
Bf5 28. Rc3 Rc8 29. Na4 Rg6 30. Kh2 Rd8 31. Nc5 Rc6 32. bxc4 dxc4 33. Rxc4 Rdc8
34. Rf4 Rxc5 35. Rxf5 Rxf5 36. Rxf5 Rc2 37. a4 Ra2 38. Ra5 Rxf2 39. Kg3 Ra2 40.
Kf3 g5 41. Rxa7 Kg7 42. a5 h5 43. a6 h4 44. e4 Ra3+ 45. Kf2 1/2-1/2

[Event "TCh-CHN 2016"]
[Site "China CHN"]
[Date "2016.12.03"]
[Round "20.1"]
[Board "4"]
[White "Zatonskih, Anna"]
[Black "Liu, Manli"]
[Result "1/2-1/2"]
[WhiteTitle "WGM"]
[WhiteElo "2450"]
[BlackElo "2015"]
[WhiteTeam "Shanghai"]
[BlackTeam "Guangdong"]
[WhiteFideId "14101572"]
[BlackFideId "8608121"]
[EventDate "2016.04.12"]

1. d4 Nf6 2. c4 e6 3. Nf3 d5 4. g3 Be7 5. Bg2 O-O 6. O-O dxc4 7. Qc2 a6 8. a4
Bd7 9. Qxc4 Bc6 10. Bf4 a5 11. Nc3 Na6 12. Rac1 Bd6 13. Bg5 h6 14. Bxf6 Qxf6 15.
e4 e5 16. Rfe1 Rfe8 17. b3 Rad8 18. Nb5 exd4 19. Nfxd4 Bc5 20. e5 Rxe5 21. Rxe5
Qxe5 22. Nxc6 bxc6 23. Nc3 Nb4 24. Ne4 Bb6 25. Bf3 Rd3 26. Bg2 Rd4 27. Qe2 f5
28. Nc3 Qxe2 29. Nxe2 Rd2 30. Kf1 Nd3 31. Rb1 Nxf2 32. Bxc6 Ng4 33. h3 Ne3+ 34.
Ke1 Ra2 35. Rc1 Rb2 36. Rc3 Nc2+ 37. Kd1 Ne3+ 38. Ke1 Kf7 39. Nf4 Bd4 40. Rd3
Nc2+ 41. Kd1 Ne3+ 42. Ke1 Nc2+ 43. Kd1 Ne3+ 1/2-1/2